Los contratos a favor de tercero
Salvato in:
| Autore principale: | |
|---|---|
| Natura: | Libro |
| Lingua: | spagnolo |
| Pubblicazione: |
Madrid
Dykinson
2001
|
| Soggetti: | |
| Tags: |
Aggiungi Tag
Nessun Tag, puoi essere il primo ad aggiungerne!!
|
MARC
| LEADER | 00000nam a2200000 a 4500 | ||
|---|---|---|---|
| 001 | UCL1308 | ||
| 003 | CL-VaPUC | ||
| 008 | 030905e20010000SP |||||||||||||||||spa|d | ||
| 020 | |a 8481558656 | ||
| 082 | 0 | 4 | |a 346.02 |b LOP |2 21 |
| 100 | |a López Richart, Julián |e autor |9 478245 | ||
| 245 | 1 | 4 | |a Los contratos a favor de tercero |
| 300 | |a 443 p | ||
| 942 | |c BK | ||
| 945 | |d 20030905 00:00:00 |a cmena | ||
| 260 | |a Madrid |b Dykinson |c 2001 | ||
| 650 | 0 | |a Contratos |9 255153 | |
| 650 | 7 | |a POTESTAD |2 CL-VaPUC |9 403223 | |
| 650 | 0 | |a Derecho romano |9 255930 | |
| 650 | 0 | |a Ordenamiento jurídico |9 355371 | |
| 650 | 0 | |a Derecho comparado |9 255664 | |
| 583 | |a last modification |c 20030905 00:00:00 |k Rodrigo Vera | ||
| 999 | |c 304948 |d 304946 | ||
| 952 | |0 0 |1 0 |4 0 |6 346_020000000000000_LOP_2001 |7 0 |8 A |9 367820 |a BIBDER |b BIBDER |d 2019-11-21 |i 3876586 |l 2 |m 1 |o 346.02 LOP 2001 |p 3876586 |r 2023-10-26 |s 2023-01-19 |w 2019-11-21 |y BK |k DER | ||
| 952 | |0 0 |1 0 |4 0 |6 346_020000000000000_LOP_2001 |7 0 |8 A |9 367821 |a BIBDER |b BIBDER |d 2019-11-21 |i 4024605 |o 346.02 LOP 2001 |p 4024605 |r 2023-01-25 |w 2019-11-21 |y BK |k DER | ||